Clue Characters By Quote - Statistics

General Stats
  • This quiz has been taken 17 times
  • The average score is 10 of 13
Answer Stats
Hint Answer % Correct
I'm going to go home and sleep with my wife Mr. Green
100%
no Mr. Green Communism was just a red-herring Ms. Scarlet
100%
flames on the side of my face heaving-heaving breaths Ms. White
100%
and why are you getting phone calls from J. Edgar Hoover? Cop
89%
I'm used to being a hostess, it's part of my husband's work Mrs. Peacock
89%
you don't know what kind of people they have at the U.N , I might go up in their estimation Prof. Plum
89%
you locked me up with a murderer you idiot! Yvette
89%
yep, two corpses everything's fine Col. Mustard
78%
in your hands you each have a lethal weaopn Mr. Boddy
78%
I am a singing telegram Singing Telegram
67%
one plus two plus two plus one Wadsworth
56%
The phone, what body? Motorist
33%
The kingdom of heaven is at hand Police chief
33%
No matching quizzes found
Score Distribution
Percent of People with Each Score
Percentile by Number Answered
Your Score History
You have not taken this quiz